000 00298nam a22001337a 4500
008 170614b xxu||||| |||| 00| 0 eng d
020 _a9780673524409
041 _aeng
080 _a32
100 _a19
101 _aSHP
245 _aAMERICAN FOERIGN POLICY
_cIKENBERRY.G.J
942 _2udc
_cBK
999 _c17324
_d17324